000 00508nam a22001937a 4500
003 MPLRDC
005 20220104190554.0
008 210129b ||||| |||| 00| 0 eng d
020 _a978-7-5064-5879-5
082 _a859.3 WDDY-2 v.2
100 _a大脚先生 编著
245 _a红楼梦: 2
_c
250 _a一版一刷
260 _a中国
_b中国纺织出版社
_c2010
300 _b
490 _a我的第一本文学漫画书: 16
650 _a儿童文学
942 _cBK
_o859.3 WDDY-2 v.2
999 _c63850
_d63840